000 00457nam a2200181Ia 4500
008 240925s9999 xx 000 0 und d
020 _aNA
082 _a620.104 TIM
100 _aTimoshenke, S.; Young H. D.
245 0 _aEngineering Mechanics
250 _aNA
260 _aToronto:
_bMc Graw-Hill
_c,1956.
300 _axvi,490p.
_bNA
_fOriginal
500 _aIncludes Index
600 _aElectrical Engineering
650 _aTechnology
942 _cBK
999 _c3709
_d3709